L'europe du marché commun
Salvato in:
| Autore principale: | |
|---|---|
| Natura: | Libro |
| Lingua: | Undetermined |
| Pubblicazione: |
Paris
Julliard
1968
|
| Tags: |
Aggiungi Tag
Nessun Tag, puoi essere il primo ad aggiungerne! !
|
| Thư viện lưu trữ: | Trung tâm Học liệu Trường Đại học Cần Thơ |
|---|
| LEADER | 00435nam a2200169Ia 4500 | ||
|---|---|---|---|
| 001 | CTU_81041 | ||
| 008 | 210402s9999 xx 000 0 und d | ||
| 082 | |a 382.9142 | ||
| 082 | |b D788 | ||
| 100 | |a Drouin, Pierre | ||
| 245 | 0 | |a L'europe du marché commun | |
| 245 | 0 | |c Pierre Drouin | |
| 260 | |a Paris | ||
| 260 | |b Julliard | ||
| 260 | |c 1968 | ||
| 904 | |i Vương,Hải | ||
| 980 | |a Trung tâm Học liệu Trường Đại học Cần Thơ | ||